Literatura iberoamericana : influjos locales : memoria del X Congreso del Instituto Internacional de Literatura Iberoamericana /
Contenido: Perduración romántica en las letras argentinas (A. Pagés Larraya); Transmutación poética de las influencias "locales", en la lírica de Luis Palés Matos, Evaristo Rinera Chevremont y Manuel Joglar Cacho (María Teresa Babín); Ramón López Velarde y Francisco González León: ¿influencia o coin...
Guardado en:
| Autor corporativo: | |
|---|---|
| Formato: | Procedimiento de la conferencia Libro |
| Idioma: | Español |
| Publicado: |
México :
UNAM
1965, c1965
|
| Temas: | |
| Etiquetas: |
Sin etiquetas, Sé el primero en etiquetar este registro!
|
MARC
| LEADER | 00000nam^a2200000^a^4500 | ||
|---|---|---|---|
| 001 | 000142926 | ||
| 005 | 20250521000000.0 | ||
| 009 | 20260310095707.223 | ||
| 037 | |a Acervo ITESO - Biblioteca | ||
| 041 | |a ESP | ||
| 082 | |a 860. 980 |b CON 1961 | ||
| 111 | |a Congreso del Instituto Internacional de Literatura Iberoamericana ( |n 10o : |d 1961 : |c Oaxaca y México) | ||
| 240 | 1 | 1 | |a [Congreso del Instituto Internacional de Literatura Iberoamericana] |
| 245 | 1 | 0 | |a Literatura iberoamericana : |b influjos locales : memoria del X Congreso del Instituto Internacional de Literatura Iberoamericana / |
| 264 | 4 | |a México : |b UNAM |c 1965, c1965 | |
| 300 | |a 232 p. | ||
| 336 | |a texto |b txt |2 rdacontenido | ||
| 337 | |a sin mediación |b n |2 rdamedio | ||
| 338 | |a volumen |b nc |2 rdasoporte | ||
| 520 | |a Contenido: Perduración romántica en las letras argentinas (A. Pagés Larraya); Transmutación poética de las influencias "locales", en la lírica de Luis Palés Matos, Evaristo Rinera Chevremont y Manuel Joglar Cacho (María Teresa Babín); Ramón López Velarde y Francisco González León: ¿influencia o coincidencia? (Alen W. Phillips); Influjos locales en el teatro mexicano moderno (Ruth S. Lamb); Salarrue: el mago de Ilobasco (Fernando Alegría); Elementos populares en la poesía de Jorge Luis Borges (Martha E. Morello-Frosch); Luis Muñoz Rivera, poeta civil de Puerto Rico (José Agustín Balseiro); Julio Herrera y Reissig y Luis Palés Matos (Angel Luis Morales); Indigenismo y modernismo (Ricardo Gullón); Los temas gauchescos en Leopoldo Lugones (Guillermo Ara); La sociedad mexicana en las novelas revolucionarias de Mariano Azuela (Moisés Tirado); El ambiente rural en el Llano en llamas, de Juan Rulfo, en su limitación y trascendencia (Gabriele von Munk Benton); Ecos de Schopenhauer en la obra de F. Gómez (Kurt L. Levy); El criollismo de Borges (Miguel Enguídanos); La naturaleza americana en Bernardo de Balbuena y Salvador Díaz Mirón (Antonio Castro Leal); Miguel Arteche, poeta solitario de Chile (I. Bar-Lewaw); Rousseau y Martín Roa (José Ferrer Canales); La revista Contemporáneos: ¿hacia una mexicanidad universal? (Merlin H. Forster); Hacia una interpretación de los rasgos autóctonos de la literatura religiosa popular de México (Olga P. Ferrer); José Santos Chocano en Puerto Rico (Cesáreo Rosa-Nieves); Resonancias de Ovidio en el Perú (Augusto Tamayo Vargas). | ||
| 649 | |a XX | ||
| 650 | |a Literatura Latinoamericana - |x Congresos | ||
| 650 | |a Literatura Española - |x Congresos | ||
| 650 | |a Gauchos en la Literatura | ||
| 650 | |a Naturaleza en la Literatura | ||
| 650 | |a México en la Literatura | ||
| 650 | |a Romanticismo (Literatura) - |z Argentina | ||
| 650 | |a Modernismo (Literatura) - |z Puerto Rico | ||
| 650 | |a Modernismo (Literatura) - |z Uruguay | ||
| 650 | |a Contemporáneos (Literatura Mexicana) | ||
| 650 | |a Poesía Argentina - |x Historia y Crítica | ||
| 650 | |a Poesía Mexicana - |x Historia y Crítica | ||
| 650 | |a Teatro Mexicano - |x Historia y Crítica | ||
| 650 | |a Literatura Religiosa - |z México | ||
| 650 | |a Novela de la Revolución | ||
| 650 | |a Novela Histórica - |z México | ||
| 650 | |a Literatura - |x Publicaciones Periódicas Mexicanas | ||
| 650 | |a Literatura Argentina - |y Siglo XIX | ||
| 650 | |a Literatura Argentina - |y Siglo XX | ||
| 650 | |a Literatura Argentina - |x Historia y Crítica | ||
| 650 | |a Literatura Puertorriqueña - |y Siglo XX | ||
| 650 | |a Literatura Puertorriqueña - |x Historia y Crítica | ||
| 650 | |a Literatura Mexicana - |y Siglo XX | ||
| 650 | |a Literatura Mexicana - |x Historia y Crítica | ||
| 650 | |a Literatura Salvadoreña - |y Siglo XX | ||
| 650 | |a Literatura Salvadoreña - |x Historia y Crítica | ||
| 650 | |a Literatura Uruguaya - |y Siglo XX | ||
| 650 | |a Literatura Uruguaya - |x Historia y Crítica | ||
| 650 | |a Literatura Peruana - |y Siglo XX | ||
| 650 | |a Literatura Peruana - |x Historia y Crítica | ||
| 650 | |a Literatura Uruguaya - |x Historia y Crítica | ||
| 910 | |a Fondo Salvador Reynoso Reynoso | ||
| 920 | |a Impresos - Libros | ||
| 930 | |a Fondos Especiales | ||
| 940 | |a Literatura | ||
| 905 | |a 112 | ||
| 901 | |a 0800015577 |b IT2 |c ESP |u 20250521 | ||
| 902 | |a https://opac.biblio.iteso.mx/vufind/Record/000142926 | ||